[Event "II Aberto do Brasil de Maringa id. fide 69253 id. 
[Site "Maringa - Parana - Brasil"]
[Date "2012.08.09"]
[Round "3"]
[Board "26"]
[White "CATHCART, Joice"]
[Black "CAVALCANTI, Francisco De Assis"]
[Result "0-1"]
[WhiteElo "1853"]
[BlackElo "2290"]
[PlyCount "88"]
[EventDate "2012.08.08"]
[EventRounds "9"]
[EventCountry "BRA"]

1. e4 c5 2. d3 Nc6 3. g3 d5 4. Nd2 Nf6 5. Bg2 e6 6. Ngf3 Be7 7. O-O O-O 8. e5
Nd7 9. Re1 Qc7 10. Qe2 b5 11. Nf1 Ba6 12. Bf4 Rac8 13. Ne3 Nb6 14. h4 Nd4 15.
Qd1 Na4 16. Rb1 Nxf3+ 17. Qxf3 Qd8 18. Ng4 Kh8 19. h5 d4 20. Bd2 c4 21. dxc4
bxc4 22. Bf1 Rb8 23. b3 Bb7 24. Qf4 Qd5 25. f3 c3 26. Bc1 Nc5 27. Bc4 Qxf3 28.
Qxf3 Bxf3 29. Be2 Be4 30. Bd1 d3 31. cxd3 Bxd3 32. Ra1 Ne4 33. Kh2 Rfd8 34. Ne3
Rbc8 35. Bc2 Nd2 36. Bxd3 Nf3+ 37. Kh3 Rxd3 38. Rf1 Nxe5 39. Ng2 Kg8 40. Nf4
Rd7 41. Kg2 Nd3 42. Nxd3 Rxd3 43. a3 c2 44. Bf4 Bf6 0-1

[Event "II Aberto do Brasil de Maringa id. fide 69253 id. 
[Site "Maringa - Parana - Brasil"]
[Date "2012.08.09"]
[Round "3"]
[Board "27"]
[White "MENNA BARRETO, Felipe Kubiaki"]
[Black "HILLE, Waltercler"]
[Result "1-0"]
[WhiteElo "2247"]
[BlackElo "1906"]
[PlyCount "127"]
[EventDate "2012.08.08"]
[EventRounds "9"]
[EventCountry "BRA"]

1. d4 Nf6 2. Nf3 g6 3. c4 Bg7 4. Nc3 d5 5. Bf4 c5 6. dxc5 Qa5 7. cxd5 Ne4 8.
Rc1 Nxc3 9. bxc3 Nd7 10. Qb3 Nxc5 11. Qb4 Qb6 12. e4 Bd7 13. Ne5 Bxe5 14. Bxe5
f6 15. Qxb6 axb6 16. Bc7 Rxa2 17. Bxb6 Nxe4 18. f3 Nd6 19. c4 Kf7 20. c5 Nc8
21. Bc7 Rb2 22. Bc4 Rxg2 23. Rf1 Re8 24. Rf2 Rg5 25. f4 Rf5 26. Re2 e6 27. Rd1
e5 28. fxe5 fxe5 29. Rb1 Rf4 30. Ba2 Bg4 31. Rf2 Kf6 32. Rxb7 Rxf2 33. Kxf2 e4
34. Ke3 Ne7 35. Kf4 Bc8 36. Be5+ Kf7 37. d6+ Kf8 38. dxe7+ Rxe7 39. Bd6 Bxb7
40. Bb1 e3 41. Bxe7+ Kxe7 42. Kxe3 Kf6 43. Kd4 h6 44. Bd3 Bc6 45. Bc4 g5 46.
Bd5 Bd7 47. Bb7 g4 48. Kd5 h5 49. Kd6 Bb5 50. Bc8 Kg5 51. Bd7 Ba6 52. Kc7 h4
53. Kb6 Bd3 54. c6 g3 55. hxg3 hxg3 56. Bh3 Bf5 57. Bxf5 Kxf5 58. c7 Kf4 59.
c8=Q Kf3 60. Qf5+ Ke2 61. Qg4+ Kf2 62. Qf4+ Kg2 63. Kc5 Kh1 64. Qh4+ 1-0

[Event "II Aberto do Brasil de Maringa id. fide 69253 id. 
[Site "Maringa - Parana - Brasil"]
[Date "2012.08.09"]
[Round "3"]
[Board "28"]
[White "DIAS, Anderson Tatsch"]
[Black "RAPOUSO, Ricardo Luis Borba"]
[Result "0-1"]
[WhiteElo "2243"]
[BlackElo "1852"]
[PlyCount "74"]
[EventDate "2012.08.08"]
[EventRounds "9"]
[EventCountry "BRA"]

1. d4 Nf6 2. c4 g6 3. Nc3 Bg7 4. e4 d6 5. f3 O-O 6. Be3 a6 7. Qd2 Nc6 8. O-O-O
Rb8 9. Bh6 Bd7 10. d5 Bxh6 11. Qxh6 Ne5 12. h4 Nh5 13. Nh3 Bxh3 14. Rxh3 f6 15.
g4 Ng7 16. Qe3 Ne8 17. Be2 c5 18. f4 Nf7 19. g5 b5 20. Rg1 bxc4 21. Bxc4 Qb6
22. Qd2 Qb4 23. Qe2 Kg7 24. h5 fxg5 25. hxg6 hxg6 26. a3 Qb7 27. Rhg3 Nf6 28.
e5 Nh5 29. e6 Nxg3 30. Rxg3 gxf4 31. Rh3 Ne5 32. Bxa6 Qb3 33. Bb5 Rh8 34. Ba4
Qb6 35. Rxh8 Rxh8 36. Qd1 c4 37. Kb1 f3 {Ilegivel Finalizada no lance 39.} 0-1

[Event "II Aberto do Brasil de Maringa id. fide 69253 id. 
[Site "Maringa - Parana - Brasil"]
[Date "2012.08.09"]
[Round "3"]
[Board "29"]
[White "DIBAI, Jerry"]
[Black "RIOS FILHO, Hilton Carlos"]
[Result "0-1"]
[WhiteElo "1790"]
[BlackElo "2212"]
[PlyCount "58"]
[EventDate "2012.08.08"]
[EventRounds "9"]
[EventCountry "BRA"]

1. Nf3 Nf6 2. g3 g6 3. Bg2 Bg7 4. O-O O-O 5. d3 c5 6. e4 Nc6 7. c3 e5 8. a3 a5
9. a4 b6 10. Re1 Ba6 11. Na3 Re8 12. Nb5 d6 13. Qb3 Rb8 14. Ng5 Rf8 15. f4 Ne7
16. Nf3 Ne8 17. Be3 Nc6 18. f5 Kh8 19. Ng5 Qe7 20. Rf1 Nd8 21. Rf2 Bh6 22. f6
Nxf6 23. Raf1 Ng4 24. Nxd6 Qxd6 25. Rxf7 Nxf7 26. Rxf7 Bxg5 27. Bxg5 Rxf7 28.
Qxf7 Rf8 29. Qa7 Qxd3 0-1

[Event "II Aberto do Brasil de Maringa id. fide 69253 id. 
[Site "Maringa - Parana - Brasil"]
[Date "2012.08.09"]
[Round "3"]
[Board "30"]
[White "CALCADO, Acyr Rogerio"]
[Black "THEREZO, Gustavo"]
[Result "1-0"]
[WhiteElo "2165"]
[BlackElo "1826"]
[PlyCount "45"]
[EventDate "2012.08.08"]
[EventRounds "9"]
[EventCountry "BRA"]

1. e4 c5 2. Nf3 d6 3. d4 cxd4 4. Nxd4 Nf6 5. Nc3 a6 6. Bg5 Nbd7 7. f4 Qc7 8.
Qf3 b5 9. O-O-O Bb7 10. Nd5 Nxd5 11. exd5 Nf6 12. Bxf6 gxf6 13. f5 h5 14. Bd3
O-O-O 15. Kb1 Qc5 16. Be4 Kb8 17. Rhe1 Bh6 18. Nc6+ Bxc6 19. dxc6 e6 20. fxe6
fxe6 21. Qxf6 d5 22. Bf3 Be3 23. Qf7 1-0

[Event "II Aberto do Brasil de Maringa id. fide 69253 id. 
[Site "Maringa - Parana - Brasil"]
[Date "2012.08.09"]
[Round "3"]
[Board "31"]
[White "ZALLIO, Luciano Souza"]
[Black "BARBOSA, Jefferson Lucas Munhoz"]
[Result "0-1"]
[WhiteElo "2138"]
[BlackElo "1829"]
[PlyCount "82"]
[EventDate "2012.08.08"]
[EventRounds "9"]
[EventCountry "BRA"]

1. e4 c5 2. Nf3 e6 3. d4 cxd4 4. Nxd4 d6 5. Nc3 Nf6 6. Bg5 Be7 7. f4 a6 8. Qf3
Qc7 9. O-O-O Nbd7 10. g4 b5 11. Bd3 Bb7 12. Kb1 Nc5 13. Bxf6 Bxf6 14. Nce2 Bxd4
15. Nxd4 f5 16. gxf5 exf5 17. Nxf5 O-O 18. Qg4 Nxe4 19. Rhg1 Kh8 20. Bxe4 Bxe4
21. Nd4 Qf7 22. f5 d5 23. Rdf1 Qf6 24. Ne6 Rf7 25. Ng5 Re7 26. Rf4 Rae8 27. Kc1
h6 28. Ne6 Bxf5 29. Rxf5 Qxe6 30. a3 d4 31. Kb1 Qc4 32. Rff1 a5 33. Rc1 Rd8 34.
Rg3 b4 35. Rd3 Red7 36. b3 Qc5 37. a4 Qe5 38. Qh4 Qc5 39. Qf2 Rd5 40. h3 Rf5
41. Qh4 Rc8 {Ilegivel. Finalizada no lance 50.} 0-1

[Event "II Aberto do Brasil de Maringa id. fide 69253 id. 
[Site "Maringa - Parana - Brasil"]
[Date "2012.08.09"]
[Round "3"]
[Board "32"]
[White "RIBEIRO, Sheridan Luiz Telles"]
[Black "ICHIMURA G  BARBOSA, Larissa Yuki"]
[Result "1-0"]
[WhiteElo "2064"]
[BlackElo "1709"]
[PlyCount "73"]
[EventDate "2012.08.08"]
[EventRounds "9"]
[EventCountry "BRA"]

1. e4 e6 2. d3 c5 3. Nf3 Nc6 4. g3 g6 5. Bg2 Bg7 6. O-O Nge7 7. c3 O-O 8. Be3
b6 9. d4 cxd4 10. Nxd4 Nxd4 11. Bxd4 e5 12. Be3 Qc7 13. Na3 a6 14. Qb3 Rb8 15.
Rfd1 d6 16. Qb4 Rd8 17. Nc4 b5 18. Rxd6 Rxd6 19. Qxd6 Qxd6 20. Nxd6 Be6 21. Ba7
Rd8 22. Bc5 Nc6 23. a4 bxa4 24. Bf1 Bf8 25. Nb7 Rb8 26. Bxa6 Bxc5 27. Nxc5 Rxb2
28. Nxe6 fxe6 29. Rxa4 Kf7 30. Rc4 Ne7 31. Rb4 Rxb4 32. cxb4 Ke8 33. Kf1 Kd7
34. Ke2 Kc7 35. Bb5 Kb6 36. Bd7 h6 37. Kd3 1-0

[Event "II Aberto do Brasil de Maringa id. fide 69253 id. 
[Site "Maringa - Parana - Brasil"]
[Date "2012.08.09"]
[Round "3"]
[Board "33"]
[White "DE LIMA, Thiago Alves"]
[Black "GARKAUSKAS, Otto Dmitry"]
[Result "0-1"]
[WhiteElo "1564"]
[BlackElo "2060"]
[PlyCount "103"]
[EventDate "2012.08.08"]
[EventRounds "9"]
[EventCountry "BRA"]

1. e4 c5 2. Nf3 d6 3. d4 cxd4 4. Qxd4 a6 5. Be3 Nf6 6. Nc3 Nc6 7. Qb6 Qxb6 8.
Bxb6 g6 9. Bd3 Bg7 10. h3 Nd7 11. Nd5 O-O 12. c3 e6 13. Nc7 Nxb6 14. Nxa8 Nxa8
15. O-O b5 16. a3 Nb6 17. Rad1 Bb7 18. Bc2 Rd8 19. Nd2 Ne5 20. Rb1 Nec4 21.
Rfd1 Nxd2 22. Rxd2 Bh6 23. Re2 Rc8 24. Rd1 d5 25. exd5 Bxd5 26. Be4 a5 27. f3
a4 28. Kf2 Kf8 29. g3 Rc5 30. h4 Ke7 31. f4 Bxe4 32. Rxe4 Nd5 33. Rd3 Bg7 34.
Kf3 h5 35. Re1 Kd6 36. Re4 Kc6 37. Re1 Rc4 38. Re2 Kc5 39. Kf2 Bh6 40. Kf3 Bxf4
41. Rxd5+ exd5 42. gxf4 d4 43. cxd4+ Rxd4 44. Ke3 Rc4 45. Rd2 Rc1 46. Rd7 Rh1
47. Rxf7 Rxh4 48. Rc7+ Kd5 49. Rc2 Rh3+ 50. Kd2 Rh2+ 51. Kc3 Rxc2+ 52. Kxc2 0-1

[Event "II Aberto do Brasil de Maringa id. fide 69253 id. 
[Site "Maringa - Parana - Brasil"]
[Date "2012.08.09"]
[Round "3"]
[Board "34"]
[White "NUNES, Marco Aurelio Comunello "]
[Black "COSTA, Paulo Cesar"]
[Result "0-1"]
[WhiteElo "1812"]
[BlackElo "2060"]
[PlyCount "114"]
[EventDate "2012.08.08"]
[EventRounds "9"]
[EventCountry "BRA"]

1. e4 e6 2. d4 d5 3. e5 c5 4. c3 Qb6 5. Nf3 Bd7 6. b3 cxd4 7. cxd4 Nc6 8. Bb2
Bb4+ 9. Nc3 Nge7 10. Qd3 Rc8 11. Be2 Nf5 12. Rd1 Ncxd4 13. Nxd4 Qxd4 14. Qxd4
Nxd4 15. Rxd4 Bxc3+ 16. Bxc3 Rxc3 17. O-O Rc2 18. Bf3 Rxa2 19. h3 Ke7 20. Rc1
Rc8 21. Rxc8 Bxc8 22. Rb4 b6 23. Rg4 g6 24. Rh4 h5 25. Rb4 Ba6 26. Ra4 Rxa4 27.
bxa4 Bd3 28. Bd1 Kd7 29. f4 a6 30. Kf2 b5 31. axb5 axb5 32. Ke3 Bc4 33. g3 Kc6
34. Kd4 Bf1 35. h4 Bc4 36. Bc2 Kd7 37. Kc5 Ke7 38. Kd4 b4 39. Kc5 b3 40. Bb1
Kd7 41. Kb6 Be2 42. Kc5 Bc4 43. Kb6 d4 44. Kc5 d3 45. Kxc4 d2 46. Kxb3 d1=Q+
47. Bc2 Qf3+ 48. Kb2 Qxg3 49. f5 Qxe5+ 50. Kb1 Qxf5 51. Bxf5 exf5 52. Kc2 f6
53. Kd3 g5 54. hxg5 fxg5 55. Ke3 Ke6 56. Kf3 Ke5 57. Ke3 h4 0-1

[Event "II Aberto do Brasil de Maringa id. fide 69253 id. 
[Site "Maringa - Parana - Brasil"]
[Date "2012.08.09"]
[Round "3"]
[Board "35"]
[White "BRANCO, Guilherme Paulino"]
[Black "TAKATA, Felipe Sandron"]
[Result "0-1"]
[WhiteElo "2017"]
[BlackElo "1535"]
[PlyCount "84"]
[EventDate "2012.08.08"]
[EventRounds "9"]
[EventCountry "BRA"]

1. e4 c5 2. d4 cxd4 3. c3 e6 4. cxd4 d5 5. e5 Nc6 6. Nf3 Nge7 7. Na3 a6 8. Be2
Nf5 9. Nc2 Be7 10. O-O O-O 11. Bd3 b5 12. g4 Nh4 13. Nxh4 Bxh4 14. f4 Be7 15.
g5 g6 16. Rf3 Kg7 17. Rh3 Rh8 18. Be3 h5 19. gxh6+ Rxh6 20. Rxh6 Kxh6 21. f5+
Bg5 22. f6 Bxe3+ 23. Nxe3 Qh8 24. Qg4 Kh7 25. Rf1 Kg8 26. Bxg6 fxg6 27. Qxg6+
Kf8 28. Kh1 Ra7 29. f7 Nd8 30. Qg5 Re7 31. Ng4 Nxf7 32. Nh6 Ke8 33. Qc1 Qxh6
34. Qxc8+ Nd8 35. Qxa6 Rb7 36. Qd6 Rh7 37. Rf2 Qc1+ 38. Kg2 Rg7+ 39. Kf3 Qd1+
40. Ke3 Qe1+ 41. Re2 Qg1+ 42. Rf2 Rf7 0-1

[Event "II Aberto do Brasil de Maringa id. fide 69253 id. 
[Site "Maringa - Parana - Brasil"]
[Date "2012.08.09"]
[Round "3"]
[Board "36"]
[White "BALDWIN, John P"]
[Black "BORGES, Leonardo Fernandes"]
[Result "0-1"]
[WhiteElo "1965"]
[BlackElo "1907"]
[PlyCount "54"]
[EventDate "2012.08.08"]
[EventRounds "9"]
[EventCountry "BRA"]

1. g3 e5 2. Bg2 Bc5 3. d3 Nc6 4. Nf3 d6 5. c3 Nf6 6. Nbd2 Bf5 7. b4 Bb6 8. Nc4
Be6 9. a4 Bxc4 10. dxc4 a6 11. O-O Nd7 12. Ng5 h6 13. Ne4 f5 14. Nxd6+ cxd6 15.
Qxd6 Qf6 16. c5 Qxd6 17. cxd6 e4 18. Ba3 Nce5 19. Rfd1 Nc4 20. e3 Nde5 21. Kf1
Rd8 22. b5 Nxa3 23. d7+ Rxd7 24. Rxd7 Kxd7 25. Rxa3 Rc8 26. bxa6 bxa6 27. Rb3
Ba5 0-1

[Event "II Aberto do Brasil de Maringa id. fide 69253 id. 
[Site "Maringa - Parana - Brasil"]
[Date "2012.08.09"]
[Round "3"]
[Board "37"]
[White "HILLE JUNIOR, Waltercler"]
[Black "AGUIAR, Djalma"]
[Result "1/2-1/2"]
[WhiteElo "1779"]
[BlackElo "1964"]
[PlyCount "73"]
[EventDate "2012.08.08"]
[EventRounds "9"]
[EventCountry "BRA"]

1. d4 Nf6 2. c4 e6 3. Nf3 Bb4+ 4. Bd2 Qe7 5. Nc3 b6 6. e3 Bb7 7. Be2 O-O 8. a3
Bxc3 9. Bxc3 Ne4 10. Qc2 f5 11. O-O d6 12. Rfd1 Nd7 13. Nd2 Nxc3 14. bxc3 Qg5
15. Bf3 Bxf3 16. Nxf3 Qg6 17. a4 a5 18. Re1 Nf6 19. Nd2 Kh8 20. Re2 e5 21. e4
Nh5 22. exf5 Rxf5 23. Nf3 Qf6 24. dxe5 dxe5 25. Rae1 Re8 26. Re4 Nf4 27. Qd1
Ng6 28. Qd7 Re7 29. Qd8+ Qf8 30. Qxf8+ Rxf8 31. Nxe5 Nxe5 32. Rxe5 Ref7 33. f3
Kg8 34. Re7 Rd8 35. Re8+ Rf8 36. Rxf8+ Kxf8 37. Kf2 1/2-1/2

[Event "II Aberto do Brasil de Maringa id. fide 69253 id. 
[Site "Maringa - Parana - Brasil"]
[Date "2012.08.09"]
[Round "3"]
[Board "39"]
[White "DEUS FILHO, Joaquim De"]
[Black "DOTORIVO DE SOUSA, Eduardo"]
[Result "1/2-1/2"]
[WhiteElo "2116"]
[BlackElo "1940"]
[PlyCount "63"]
[EventDate "2012.08.08"]
[EventRounds "9"]
[EventCountry "BRA"]

1. e4 d6 2. d4 Nf6 3. f3 Nbd7 4. Bc4 e5 5. Ne2 a6 6. a4 Be7 7. O-O O-O 8. c3
Rb8 9. a5 Re8 10. Nd2 Nf8 11. f4 exd4 12. e5 Ng4 13. cxd4 d5 14. Bd3 Ne3 15.
Qe1 Nxf1 16. Nxf1 Bg4 17. Neg3 Bd7 18. Ne3 Bb5 19. Bb1 c5 20. Nef5 cxd4 21.
Nxe7+ Qxe7 22. Bd2 Qh4 23. Qd1 g6 24. Ra3 Ne6 25. Rf3 Ng7 26. f5 Rxe5 27. Rf4
Qd8 28. Rxd4 Re8 29. Bc3 Qc7 30. Rxd5 Rbd8 31. Qd4 f6 32. Ba2 1/2-1/2

[Event "II Aberto do Brasil de Maringa id. fide 69253 id. 
[Site "Maringa - Parana - Brasil"]
[Date "2012.08.09"]
[Round "3"]
[Board "40"]
[White "MONTUFAR BERRIOS, Lesly Viviane"]
[Black "MOREIRA, Ronaldo Alonso"]
[Result "0-1"]
[WhiteElo "1877"]
[BlackElo "2022"]
[PlyCount "72"]
[EventDate "2012.08.08"]
[EventRounds "9"]
[EventCountry "BRA"]

1. c4 d6 2. Nf3 e5 3. Nc3 Nd7 4. g3 c6 5. Bg2 Be7 6. O-O Ngf6 7. d3 O-O 8. Nd2
Qc7 9. Nde4 Nxe4 10. Bxe4 Nc5 11. Bg2 Ne6 12. b4 f5 13. b5 Bd7 14. a4 a6 15.
Bd2 f4 16. Rb1 axb5 17. axb5 fxg3 18. fxg3 Rxf1+ 19. Qxf1 Rf8 20. Qc1 Nd4 21.
e3 Nf3+ 22. Kh1 g5 23. Qd1 g4 24. Qe2 Qc8 25. Rf1 Rf7 26. bxc6 bxc6 27. Nb1 Qf8
28. Bc3 Qh6 29. Bxf3 gxf3 30. Qd2 Bh3 31. Rf2 Bg5 32. Qc1 Bxe3 33. Bd2 Bxf2 34.
Qg1 Bxg1 35. Kxg1 f2+ 36. Kh1 f1=Q# 0-1

[Event "II Aberto do Brasil de Maringa id. fide 69253 id. 
[Site "Maringa - Parana - Brasil"]
[Date "2012.08.10"]
[Round "4"]
[Board "3"]
[White "MARQUES, Joao Paulo Cassemiro"]
[Black "STAMENKOVIC, Dragan"]
[Result "1/2-1/2"]
[WhiteElo "2205"]
[BlackElo "2383"]
[PlyCount "150"]
[EventDate "2012.08.08"]
[EventRounds "9"]
[EventCountry "BRA"]

1. e4 e5 2. Nf3 d6 3. d4 Nd7 4. c3 Ngf6 5. Bd3 Be7 6. O-O O-O 7. Re1 Re8 8.
Nbd2 c6 9. Nf1 Qc7 10. Ng3 Nf8 11. h3 g6 12. a4 a5 13. Be3 Ne6 14. Qb3 Bf8 15.
dxe5 dxe5 16. Bb6 Qb8 17. Bc4 Nd7 18. Bxe6 Rxe6 19. Ng5 Rf6 20. Bd8 Nc5 21. Qb6
Ra6 22. Qc7 Qxc7 23. Bxc7 Nd7 24. Rad1 h6 25. Rxd7 Bxd7 26. Bxe5 Be7 27. Bxf6
Bxf6 28. Rd1 Be8 29. Nf3 Rb6 30. Rd2 c5 31. e5 Be7 32. Ne4 Bxa4 33. Nd6 Kf8 34.
Rd5 Rxb2 35. Rxc5 Bc6 36. Nd4 a4 37. Nxc6 bxc6 38. Rxc6 a3 39. Rc8+ Kg7 40. Ra8
a2 41. Kh2 Rxf2 42. Kg3 Rc2 43. c4 h5 44. Kf3 Bxd6 45. exd6 Rxc4 46. Rxa2 Rd4
47. Ra6 Kf6 48. Kg3 Ke6 49. h4 Rxd6 50. Ra7 Rd7 51. Ra6+ Ke5 52. Ra3 Ke4 53.
Ra4+ Rd4 54. Ra7 Rd3+ 55. Kh2 f6 56. Ra6 Ke5 57. g3 Rd2+ 58. Kh3 Rd5 59. Ra1 g5
60. hxg5 fxg5 61. Ra8 Rd2 62. Ra5+ Kf6 63. Ra6+ Ke5 64. Ra5+ Rd5 65. Ra8 Ke4
66. Rh8 Kf3 67. Rf8+ Ke3 68. Re8+ Kf2 69. Rf8+ Kg1 70. Rh8 g4+ 71. Kh4 Kg2 72.
Ra8 Rf5 73. Ra4 Re5 74. Ra2+ Kf3 75. Rf2+ Kxf2 1/2-1/2

[Event "II Aberto do Brasil de Maringa id. fide 69253 id. 
[Site "Maringa - Parana - Brasil"]
[Date "2012.08.10"]
[Round "4"]
[Board "5"]
[White "NAME, Gabriel Ricardo Salim"]
[Black "TSUBOI, Edson Kenji"]
[Result "1/2-1/2"]
[WhiteElo "2160"]
[BlackElo "2308"]
[PlyCount "73"]
[EventDate "2012.08.08"]
[EventRounds "9"]
[EventCountry "BRA"]

1. d4 Nf6 2. c4 e6 3. Nc3 Bb4 4. e3 O-O 5. Nge2 d5 6. a3 Be7 7. cxd5 exd5 8. g3
c6 9. Bg2 Re8 10. O-O Na6 11. h3 Nc7 12. g4 a6 13. Ng3 Nb5 14. Bd2 Nd6 15. b3
Bf8 16. Qc2 g6 17. f3 Bg7 18. a4 h5 19. Nce2 hxg4 20. hxg4 Bd7 21. Rad1 Rc8 22.
Qc1 Qb6 23. Qb2 Qc7 24. Nf4 Bf8 25. Qc3 Qd8 26. Nd3 Bg7 27. Nc5 Qe7 28. Nxd7
Qxd7 29. Qd3 Re7 30. Rde1 Rce8 31. Nh1 Nh7 32. Nf2 f5 33. Re2 Ng5 34. Nh3 Ne6
35. Ree1 fxg4 36. fxg4 Ne4 37. Bb4 1/2-1/2

[Event "II Aberto do Brasil de Maringa id. fide 69253 id. 
[Site "Maringa - Parana - Brasil"]
[Date "2012.08.10"]
[Round "4"]
[Board "6"]
[White "DELGADO, Lidio Dias"]
[Black "CAMARGO, Mateus De"]
[Result "1-0"]
[WhiteElo "2285"]
[BlackElo "2109"]
[PlyCount "47"]
[EventDate "2012.08.08"]
[EventRounds "9"]
[EventCountry "BRA"]

1. e4 c5 2. Nf3 d6 3. d4 cxd4 4. Qxd4 Nc6 5. Bb5 Bd7 6. Bxc6 Bxc6 7. Nc3 Nf6 8.
Bg5 e6 9. O-O-O Be7 10. Rhe1 O-O 11. Qd2 Qb6 12. Nd4 Rfd8 13. f4 a6 14. g4 h6
15. h4 Kf8 16. f5 hxg5 17. fxe6 Qc5 18. Rf1 Be8 19. Rf5 Qc4 20. hxg5 fxe6 21.
gxf6 Bxf6 22. g5 exf5 23. gxf6 Bg6 24. Qg5 1-0

[Event "II Aberto do Brasil de Maringa id. fide 69253 id. 
[Site "Maringa - Parana - Brasil"]
[Date "2012.08.10"]
[Round "4"]
[Board "7"]
[White "CARNEIRO, Vitor Roberto Castro"]
[Black "VILLALBA, Marcelo"]
[Result "0-1"]
[WhiteElo "2002"]
[BlackElo "2243"]
[PlyCount "74"]
[EventDate "2012.08.08"]
[EventRounds "9"]
[EventCountry "BRA"]

1. c4 c5 2. Nc3 Nc6 3. Nf3 g6 4. g3 Bg7 5. Bg2 e5 6. d3 Nge7 7. h4 h6 8. a3 a5
9. Bd2 d6 10. Nd5 Nxd5 11. cxd5 Ne7 12. e4 O-O 13. Qc1 Kh7 14. b4 b6 15. bxa5
bxa5 16. Rb1 f5 17. Qc2 Rf7 18. h5 f4 19. gxf4 exf4 20. hxg6+ Nxg6 21. Bc3 Bg4
22. Bxg7 Rxg7 23. Kd2 Bxf3 24. Bxf3 Ne5 25. Qd1 Qf6 26. Rh5 Rg1 27. Rb7+ Kh8
28. Qe2 Ra1 29. Rf5 Nc4+ 30. dxc4 Qd4+ 31. Kc2 Ra2+ 32. Kb3 Rxe2 33. Bxe2 Qd2
34. a4 Qxe2 35. Rff7 Qxe4 36. f3 Qd3+ 37. Kb2 Rg8 0-1

[Event "II Aberto do Brasil de Maringa id. fide 69253 id. 
[Site "Maringa - Parana - Brasil"]
[Date "2012.08.10"]
[Round "4"]
[Board "9"]
[White "GARKAUSKAS, Otto Dmitry"]
[Black "MATSUURA, Everaldo"]
[Result "0-1"]
[WhiteElo "2060"]
[BlackElo "2487"]
[PlyCount "68"]
[EventDate "2012.08.08"]
[EventRounds "9"]
[EventCountry "BRA"]

1. d4 d5 2. c4 e5 3. dxe5 d4 4. a3 Nc6 5. e3 Bf5 6. Nf3 dxe3 7. Qxd8+ Rxd8 8.
Bxe3 Nge7 9. Nc3 Ng6 10. Nb5 Rd7 11. Nbd4 Be4 12. e6 fxe6 13. Nxc6 Bxc6 14. Nd4
Bc5 15. Nxc6 Bxe3 16. fxe3 bxc6 17. Be2 Ke7 18. Rd1 Rhd8 19. Rxd7+ Rxd7 20. b4
Ne5 21. h4 c5 22. b5 c6 23. bxc6 Nxc6 24. Kf2 Rb7 25. h5 Rb3 26. Ra1 Ne5 27.
Ra2 h6 28. g3 a5 29. Rd2 Rxa3 30. Rb2 a4 31. Rb7+ Kf8 32. Rc7 Ra2 33. Ke1 a3
34. Rxc5 Rb2 0-1

[Event "II Aberto do Brasil de Maringa id. fide 69253 id. 
[Site "Maringa - Parana - Brasil"]
[Date "2012.08.10"]
[Round "4"]
[Board "10"]
[White "CAVALCANTI, Francisco De Assis"]
[Black "RIBEIRO, Sheridan Luiz Telles"]
[Result "1-0"]
[WhiteElo "2290"]
[BlackElo "2064"]
[PlyCount "57"]
[EventDate "2012.08.08"]
[EventRounds "9"]
[EventCountry "BRA"]

1. d4 Nf6 2. Nf3 e6 3. c4 b6 4. Nc3 Bb4 5. Qb3 Bxc3+ 6. Qxc3 O-O 7. e3 Bb7 8.
Be2 d6 9. O-O Ne4 10. Qc2 f5 11. Ne1 Nd7 12. f3 Ng5 13. Nd3 e5 14. Nf2 exd4 15.
exd4 Ne6 16. c5 Kh8 17. Rd1 bxc5 18. Qb3 Nxd4 19. Rxd4 cxd4 20. Qxb7 Nc5 21.
Qd5 Qe7 22. Bf1 Qe5 23. Qc4 Rab8 24. b3 a5 25. Bd2 d3 26. Re1 Qb2 27. Bc3 Qxa2
28. Re7 Rg8 29. Qf7 1-0

[Event "II Aberto do Brasil de Maringa id. fide 69253 id. 
[Site "Maringa - Parana - Brasil"]
[Date "2012.08.10"]
[Round "4"]
[Board "11"]
[White "COSTA, Paulo Cesar"]
[Black "BARRETO FILHO, Carlos Alberto"]
[Result "0-1"]
[WhiteElo "2060"]
[BlackElo "2279"]
[PlyCount "92"]
[EventDate "2012.08.08"]
[EventRounds "9"]
[EventCountry "BRA"]

1. Nf3 d6 2. g3 g6 3. Bg2 Bg7 4. O-O f5 5. d3 Nf6 6. c4 O-O 7. Nc3 c6 8. Rb1 h6
9. Bd2 g5 10. b4 Qe8 11. e3 e5 12. b5 f4 13. Ne1 Bg4 14. f3 Be6 15. g4 h5 16.
h3 Qg6 17. bxc6 bxc6 18. e4 hxg4 19. fxg4 Nbd7 20. Bf3 Qh7 21. Bg2 Nc5 22. Na4
Ncd7 23. Nf3 Qh6 24. Nh2 Rf7 25. Rb7 Bf8 26. Qf3 Be7 27. Rfb1 Bd8 28. Be1 Nh7
29. Bf2 c5 30. Nc3 Nb6 31. Rxf7 Bxf7 32. Qd1 Nf8 33. Nf3 Ne6 34. Nd5 Nd4 35.
Nxd4 exd4 36. Be1 Nd7 37. e5 Nxe5 38. Ne7+ Bxe7 39. Bxa8 Qxh3 40. Bg2 Qh7 41.
Rb8+ Bf8 42. Bd5 Qh3 43. Bg2 Qh6 44. Rb7 Be6 45. Bd5 Bxd5 46. cxd5 Qh3 0-1

[Event "II Aberto do Brasil de Maringa id. fide 69253 id. 
[Site "Maringa - Parana - Brasil"]
[Date "2012.08.10"]
[Round "4"]
[Board "12"]
[White "BRITO, Luismar"]
[Black "ANDRADE FIAES, Mario Henrique"]
[Result "1-0"]
[WhiteElo "2275"]
[BlackElo "2056"]
[PlyCount "111"]
[EventDate "2012.08.08"]
[EventRounds "9"]
[EventCountry "BRA"]

1. Nc3 e6 2. e4 b6 3. d4 Bb7 4. Bd3 Bb4 5. Qe2 Nf6 6. Bg5 Be7 7. Nf3 d6 8. O-O
Nbd7 9. Rae1 O-O 10. Bc1 e5 11. dxe5 dxe5 12. Rd1 Bb4 13. Nd5 Bxd5 14. exd5 e4
15. Bxe4 Re8 16. Bg5 Qe7 17. Qc4 Qxe4 18. Rd4 Qe7 19. Qxb4 Qxb4 20. Rxb4 Nxd5
21. Rd4 c6 22. c4 N5f6 23. Rfd1 Re7 24. Bxf6 Nxf6 25. Rd8+ Re8 26. Rxa8 Rxa8
27. Ne5 c5 28. f4 Kf8 29. Kf2 Re8 30. Kf3 g6 31. g4 h6 32. h4 Re7 33. g5 hxg5
34. hxg5 Nh5 35. Rd8+ Kg7 36. Ra8 Rc7 37. Kg4 f6 38. Nxg6 Kxg6 39. f5+ Kg7 40.
Kxh5 fxg5 41. Kxg5 Rd7 42. b3 a5 43. Rb8 Rd6 44. Rb7+ Kf8 45. a4 Ke8 46. f6 Rd1
47. Rxb6 Rg1+ 48. Kf5 Kd7 49. f7 Ke7 50. Rb7+ Kf8 51. Ke6 Rg6+ 52. Kd5 Rg5+ 53.
Kc6 Rh5 54. Kb5 Re5 55. Kxa5 Rf5 56. Ka6 {Ilegivel.} 1-0

[Event "II Aberto do Brasil de Maringa id. fide 69253 id. 
[Site "Maringa - Parana - Brasil"]
[Date "2012.08.10"]
[Round "4"]
[Board "13"]
[White "RAPOUSO, Ricardo Luis Borba"]
[Black "GONZALEZ, Bolivar Ribeiro"]
[Result "1/2-1/2"]
[WhiteElo "1852"]
[BlackElo "2257"]
[PlyCount "35"]
[EventDate "2012.08.08"]
[EventRounds "9"]
[EventCountry "BRA"]

1. d4 Nf6 2. c4 c5 3. d5 b5 4. cxb5 a6 5. bxa6 Bxa6 6. Nc3 d6 7. f4 Nbd7 8. Nf3
g6 9. e4 Bxf1 10. Rxf1 Qb6 11. Qe2 Bg7 12. Kf2 c4+ 13. Kg3 Bh6 14. Kh3 O-O 15.
Qxc4 Rfc8 16. Qe2 Qb7 17. f5 Bg7 18. g4 1/2-1/2